[Event "Anderssen Festival 2019"]
[Site "Wroclaw"]
[Date "2019.08.07"]
[Round "4.3"]
[White "Butkiewicz, Lukasz"]
[Black "Verwoert, Jef"]
[Result "1-0"]
[WhiteElo "2425"]
[BlackElo "2034"]
[Annotator "NA"]
[PlyCount "121"]
[EventDate "2019.08.05"]
[EventType "swiss"]
[EventCountry "POL"]
[SourceTitle "playchess.com"]
[Source "ChessBase"]
[SourceQuality "1"]
[TimeControl "40/5400+30:900+30"]

1. e4 {[%emt 0:01:20]} c5 {[%emt 0:00:00]} 2. Nf3 {[%emt 0:00:08]} g6 {[%emt 0:00:00]} 3. d4 {[%emt 0:00:17]} cxd4 {[%emt 0:00:07]} 4. Nxd4 {[%emt 0:00:05]} Nc6 {[%emt 0:00:15]} 5. c4 {[%emt 0:00:06]} Nf6 {[%emt 0:01:40]} 6. Nc3 {[%emt 0:06:40]} d6 {[%emt 0:00:22]} 7. Be2 {[%emt 0:00:27]} Nxd4 {[%emt 0:03:11]} 8. Qxd4 {[%emt 0:00:37]} Bg7 {[%emt 0:00:06]} 9. Be3 {[%emt 0:00:13]} O-O {[%emt 0:00:10]} 10. Qd2 {[%emt 0:00:06]} a5 {[%emt 0:02:19]} 11. Rd1 {[%emt 0:00:23]} Be6 {[%emt 0:04:22]} 12. O-O {[%emt 0:00:53]} a4 {[%emt 0:05:56]} 13. f4 {[%emt 0:01:27]} Qa5 {[%emt 0:00:58]} 14. Bd4 {[%emt 0:00:13]} Rfc8 {[%emt 0:10:31]} 15. b3 {[%emt 0:00:31]} axb3 {[%emt 0:01:54]} 16. axb3 {[%emt 0:01:16]} Qb4 {[%emt 0:07:51]} 17. f5 {[%emt 0:01:29]} Bd7 {[%emt 0:00:19]} 18. Bxf6 {[%emt 0:00:41]} Bxf6 {[%emt 0:14:11]} 19. Nd5 {[%emt 0:00:12]} Qxd2 {[%emt 0:00:39]} 20. Nxf6+ {[%emt 0:00:07]} Kg7 {[%emt 0:04:54]} 21. Rxd2 {[%emt 0:06:53]} Kxf6 {[%emt 0:01:36]} 22. fxg6+ {[%emt 0:01:00]} Kxg6 {[%emt 0:00:08]} 23. e5 {[%emt 0:00:23]} Rc6 {[%emt 0:02:14]} 24. Rfd1 {[%emt 0:03:12]} Kg7 {[%emt 0:16:15]} 25. exd6 {[%emt 0:07:37]} exd6 {[%emt 0:03:53]} 26. Bf3 {[%emt 0:16:33]} Rb6 {[%emt 0:00:47]} 27. Rxd6 {[%emt 0:00:07]} Bc6 {[%emt 0:00:09]} 28. R1d3 {[%emt 0:00:20]} Ra2 {[%emt 0:03:32]} 29. Bd5 {[%emt 0:04:58]} Rba6 {[%emt 0:01:43]} 30. h3 {[%emt 0:01:31]} Bxd5 {[%emt 0:01:03]} 31. Rg3+ {[%emt 0:01:42]} Kf8 {[%emt 0:00:34]} 32. Rxd5 {[%emt 0:00:11]} Rb6 {[%emt 0:00:44]} 33. Rd7 {[%emt 0:03:11]} Re2 {[%emt 0:03:10]} 34. Kh2 {[%emt 0:06:29]} Rb2 {[%emt 0:04:23]} 35. Rf3 {[%emt 0:08:41]} f6 {[%emt 0:00:31]} 36. c5 {[%emt 0:01:12]} R6xb3 37. Rxf6+ {[%emt 0:00:28]} Kg8 {[%emt 0:03:35]} 38. Re6 {[%emt 0:00:38]} Rf3 {[%emt 0:00:07]} 39. Re8+ {[%emt 0:00:24]} Rf8 {[%emt 0:00:05]} 40. Rxf8+ {[%emt 0:00:00]} Kxf8 {[%emt 0:00:00]} 41. Rxh7 {[%emt 0:00:34]} Kg8 {[%emt 0:03:11]} 42. Rc7 {[%emt 0:00:17]} Rb5 {[%emt 0:00:40]} 43. h4 {[%emt 0:00:30]} b6 {[%emt 0:00:12]} 44. cxb6 {[%emt 0:00:11]} Rxb6 {[%emt 0:00:05]} 45. Kh3 {[%emt 0:00:12]} Rb1 {[%emt 0:00:33]} 46. g3 {[%emt 0:00:36]} Kh8 {[%emt 0:00:25]} 47. h5 {[%emt 0:00:22]} Kg8 {[%emt 0:00:23]} 48. Kh4 {[%emt 0:00:44]} Kh8 {[%emt 0:00:15]} 49. Re7 {[%emt 0:00:57]} Rb4+ {[%emt 0:00:28]} 50. g4 {[%emt 0:00:16]} Ra4 {[%emt 0:00:17]} 51. Kg5 {[%emt 0:00:48]} Kg8 {[%emt 0:00:39]} 52. Kf5 {[%emt 0:00:31]} Kf8 {[%emt 0:00:56]} 53. Re5 {[%emt 0:01:03]} Kg7 {[%emt 0:01:46]} 54. g5 {[%emt 0:00:34]} Ra7 {[%emt 0:01:26]} 55. Re4 {[%emt 0:00:16]} Ra5+ {[%emt 0:00:16]} 56. Kg4 {[%emt 0:00:16]} Ra7 {[%emt 0:00:13]} 57. h6+ {[%emt 0:00:14]} Kg6 {[%emt 0:01:18]} 58. Re6+ {[%emt 0:00:31]} Kf7 {[%emt 0:00:18]} 59. Rb6 {[%emt 0:00:47]} Ra4+ {[%emt 0:00:44]} 60. Kh5 {[%emt 0:00:09]} Ra5 {[%emt 0:00:26]} 61. Rb8 {[%emt 0:00:48]} 1-0

[Event "Anderssen Festival 2019"]
[Site "Wroclaw"]
[Date "2019.08.07"]
[Round "4.4"]
[White "Lugovskoy, Maxim"]
[Black "Kareva, Natalia"]
[Result "0-1"]
[WhiteElo "2425"]
[BlackElo "2135"]
[Annotator "ChessBase"]
[PlyCount "150"]
[EventDate "2019.08.05"]
[EventType "swiss"]
[EventCountry "POL"]
[SourceTitle "playchess.com"]
[Source "ChessBase"]
[SourceQuality "1"]
[TimeControl "40/5400+30:900+30"]

1. e4 {[%emt 0:04:47]} c5 {[%emt 0:00:03]} 2. Nf3 {[%emt 0:00:28]} d6 {[%emt 0:02:06]} 3. Bb5+ {[%emt 0:00:17]} Bd7 {[%emt 0:00:38]} 4. Bxd7+ {[%emt 0:00:16]} Qxd7 {[%emt 0:00:04]} 5. O-O {[%emt 0:00:07]} Nc6 {[%emt 0:02:31]} 6. c3 {[%emt 0:00:04]} Nf6 {[%emt 0:03:31]} 7. d4 {[%emt 0:00:04]} cxd4 {[%emt 0:01:19]} 8. cxd4 {[%emt 0:00:04]} g6 {[%emt 0:00:35]} 9. Nc3 {[%emt 0:00:31]} Bg7 {[%emt 0:00:14]} 10. Bg5 {[%emt 0:01:35]} O-O {[%emt 0:02:33]} 11. h3 {[%emt 0:03:03]} Rfd8 {[%emt 0:08:38]} 12. Qe2 {[%emt 0:03:28]} h6 {[%emt 0:01:10]} 13. Bh4 {[%emt 0:00:47]} g5 {[%emt 0:01:03]} 14. Bg3 {[%emt 0:00:08]} d5 {[%emt 0:00:35]} 15. exd5 {[%emt 0:05:08]} Nxd5 {[%emt 0:01:17]} 16. Rad1 {[%emt 0:01:49]} a6 {[%emt 0:04:18]} 17. Rfe1 {[%emt 0:04:10]} Qf5 {[%emt 0:09:06]} 18. Ne4 {[%emt 0:04:29]} b6 {[%emt 0:04:34]} 19. a3 {[%emt 0:04:14]} Ra7 {[%emt 0:06:59]} 20. h4 {[%emt 0:05:12]} Nf4 {[%emt 0:04:57]} 21. Qe3 {[%emt 0:06:22]} Nd5 {[%emt 0:01:43]} 22. Qc1 {[%emt 0:04:20]} g4 {[%emt 0:03:49]} 23. Ne5 {[%emt 0:00:26]} Nxe5 {[%emt 0:06:28]} 24. Bxe5 {[%emt 0:00:34]} f6 {[%emt 0:09:40]} 25. Ng3 {[%emt 0:03:48]} Qc8 {[%emt 0:03:11]} 26. Bf4 {[%emt 0:00:07]} Qxc1 {[%emt 0:01:02]} 27. Bxc1 {[%emt 0:00:03]} Kf7 {[%emt 0:00:18]} 28. Bd2 {[%emt 0:06:51]} Rc8 {[%emt 0:01:32]} 29. Re2 {[%emt 0:12:10]} Rc2 {[%emt 0:01:28]} 30. h5 {[%emt 0:04:40]} e6 {[%emt 0:01:35]} 31. Ne4 {[%emt 0:10:29]} Rd7 {[%emt 0:00:22]} 32. Nc3 {[%emt 0:04:06]} f5 {[%emt 0:02:30]} 33. Rc1 {[%emt 0:00:34]} Rxc1+ {[%emt 0:02:22]} 34. Bxc1 {[%emt 0:00:01]} Nf6 {[%emt 0:00:36]} 35. Rc2 {[%emt 0:02:30]} Rxd4 {[%emt 0:03:09]} 36. Be3 {[%emt 0:00:23]} Rd6 {[%emt 0:02:13]} 37. g3 {[%emt 0:00:17]} Nxh5 {[%emt 0:02:26]} 38. Na4 {[%emt 0:02:22]} b5 {[%emt 0:00:10]} 39. Nb6 {[%emt 0:03:30]} f4 {[%emt 0:03:46]} 40. gxf4 {[%emt 0:00:00]} Nxf4 {[%emt 0:00:00]} 41. f3 {[%emt 0:11:12]} gxf3 {[%emt 0:05:53]} 42. Rc7+ {[%emt 0:01:47]} Kg6 {[%emt 0:00:16]} 43. Kf2 {[%emt 0:00:23]} Nd5 {[%emt 0:05:13]} 44. Nxd5 {[%emt 0:00:21]} exd5 {[%emt 0:00:04]} 45. Bf4 {[%emt 0:01:02]} Bd4+ {[%emt 0:00:56]} 46. Kxf3 {[%emt 0:01:02]} Rf6 {[%emt 0:00:09]} 47. Kg3 {[%emt 0:00:43]} Bxb2 {[%emt 0:00:09]} 48. Rd7 {[%emt 0:00:07]} d4 {[%emt 0:00:49]} 49. Be5 {[%emt 0:00:16]} Re6 {[%emt 0:01:40]} 50. Kf4 {[%emt 0:00:02]} Bxa3 {[%emt 0:00:16]} 51. Rg7+ {[%emt 0:00:11]} Kh5 {[%emt 0:00:02]} 52. Kf5 {[%emt 0:01:27]} Rc6 {[%emt 0:03:21]} 53. Rg2 {[%emt 0:01:13]} Be7 {[%emt 0:00:24]} 54. Rh2+ {[%emt 0:00:44]} Bh4 {[%emt 0:00:02]} 55. Bg3 {[%emt 0:00:01]} Rf6+ {[%emt 0:00:14]} 56. Ke4 {[%emt 0:04:47]} Kg4 {[%emt 0:00:07]} 57. Bxh4 {[%emt 0:00:05]} Rf4+ {[%emt 0:01:31]} 58. Kd3 {[%emt 0:00:02]} Rf3+ {[%emt 0:01:01]} 59. Kxd4 {[%emt 0:00:07]} Rh3 {[%emt 0:00:04]} 60. Rxh3 {[%emt 0:00:05]} Kxh3 {[%emt 0:00:02]} 61. Be1 {[%emt 0:01:09]} Kg4 {[%emt 0:01:23]} 62. Ke3 {[%emt 0:02:41]} h5 {[%emt 0:00:26]} 63. Bc3 {[%emt 0:00:29]} Kg3 {[%emt 0:00:23]} 64. Be1+ {[%emt 0:00:09]} Kg4 {[%emt 0:01:50]} 65. Ke4 {[%emt 0:00:24]} h4 {[%emt 0:00:39]} 66. Ke3 {[%emt 0:00:06]} h3 {[%emt 0:00:07]} 67. Kf2 {[%emt 0:00:03]} Kf4 {[%emt 0:00:06]} 68. Ba5 {[%emt 0:02:21]} Ke4 {[%emt 0:00:11]} 69. Kg3 {[%emt 0:00:01]} Kd3 {[%emt 0:00:11]} 70. Kxh3 {[%emt 0:00:02]} Kc4 {[%emt 0:00:07]} 71. Kg3 {[%emt 0:00:16]} b4 {[%emt 0:00:06]} 72. Bd8 {[%emt 0:00:15]} Kd3 {[%emt 0:00:27]} 73. Kf2 {[%emt 0:01:03]} b3 {[%emt 0:00:12]} 74. Bf6 {[%emt 0:00:06]} Kc2 {[%emt 0:00:10]} 75. Ke3 {[%emt 0:00:05]} a5 {[%emt 0:00:10]} 0-1

[Event "Anderssen Festival 2019"]
[Site "Wroclaw"]
[Date "2019.08.07"]
[Round "4.5"]
[White "Nguyen, Alex Dac-Vuong"]
[Black "Eggink, Ryszard"]
[Result "0-1"]
[WhiteElo "2267"]
[BlackElo "2377"]
[Annotator "NA"]
[PlyCount "60"]
[EventDate "2019.08.05"]
[EventType "swiss"]
[EventCountry "POL"]
[SourceTitle "playchess.com"]
[Source "ChessBase"]
[SourceQuality "1"]
[TimeControl "40/5400+30:900+30"]

1. e4 {[%emt 0:00:00]} c5 {[%emt 0:00:00]} 2. Nf3 {[%emt 0:00:00]} d6 {[%emt 0:00:00]} 3. d4 {[%emt 0:00:00]} cxd4 {[%emt 0:00:00]} 4. Nxd4 {[%emt 0:00:00]} Nf6 {[%emt 0:00:01]} 5. f3 {[%emt 0:00:00]} Nc6 {[%emt 0:03:53]} 6. Be3 {[%emt 0:16:37]} e5 {[%emt 0:09:06]} 7. Nb3 {[%emt 0:00:19]} d5 {[%emt 0:02:27]} 8. exd5 {[%emt 0:00:24]} Nxd5 {[%emt 0:00:15]} 9. Bf2 {[%emt 0:00:22]} Bf5 {[%emt 0:07:02]} 10. Bd3 {[%emt 0:04:58]} Bg6 {[%emt 0:05:44]} 11. O-O {[%emt 0:09:09]} Be7 {[%emt 0:03:22]} 12. Re1 {[%emt 0:11:41]} Rc8 {[%emt 0:04:47]} 13. a3 {[%emt 0:03:42]} O-O {[%emt 0:02:31]} 14. Bxg6 {[%emt 0:01:20]} hxg6 {[%emt 0:00:01]} 15. N1d2 {[%emt 0:00:34]} Nf4 {[%emt 0:01:27]} 16. Nc4 {[%emt 0:12:16]} Qc7 {[%emt 0:00:53]} 17. Bg3 {[%emt 0:00:24]} Rfd8 {[%emt 0:04:46]} 18. Nbd2 {[%emt 0:04:48]} Bg5 {[%emt 0:03:22]} 19. a4 {[%emt 0:12:40]} Na5 {[%emt 0:03:35]} 20. Ne3 {[%emt 0:02:50]} Nd5 {[%emt 0:03:54]} 21. Nef1 {[%emt 0:03:01]} Qb6+ {[%emt 0:06:39]} 22. Bf2 {[%emt 0:00:07]} Qxb2 {[%emt 0:00:05]} 23. Rb1 {[%emt 0:06:57]} Qa3 {[%emt 0:04:19]} 24. Ra1 {[%emt 0:06:14]} Qe7 {[%emt 0:03:15]} 25. Qe2 {[%emt 0:01:32]} Rxc2 {[%emt 0:01:24]} 26. Qb5 {[%emt 0:00:29]} Bxd2 {[%emt 0:06:25]} 27. Nxd2 {[%emt 0:00:07]} Nc3 {[%emt 0:01:56]} 28. Qxa5 {[%emt 0:00:35]} Rdxd2 {[%emt 0:00:08]} 29. Rxe5 {[%emt 0:00:40]} Qd7 {[%emt 0:00:35]} 30. Rf1 {[%emt 0:00:59]} Rxf2 {[%emt 0:00:20]} 0-1

[Event "Anderssen Festival 2019"]
[Site "Wroclaw"]
[Date "2019.08.07"]
[Round "4.6"]
[White "Malecki, Rafal"]
[Black "Skliarov, Viktor"]
[Result "1/2-1/2"]
[WhiteElo "2063"]
[BlackElo "2360"]
[Annotator "NA"]
[PlyCount "110"]
[EventDate "2019.08.05"]
[EventType "swiss"]
[EventCountry "POL"]
[SourceTitle "playchess.com"]
[Source "ChessBase"]
[SourceQuality "1"]
[TimeControl "40/5400+30:900+30"]

1. Nf3 d5 2. b3 c5 3. Bb2 Nc6 4. e3 Nf6 5. Be2 Bf5 6. d3 Qc7 7. Nbd2 e5 8. a3 Bd6 9. Nh4 Be6 10. c4 d4 11. e4 g6 12. O-O O-O 13. Kh1 Ne8 14. Ndf3 Be7 15. Bc1 Qd8 16. g3 f5 17. Bh6 fxe4 18. dxe4 Ng7 19. Qd2 Bh3 20. Ng2 Qd7 21. Nfe1 Rf7 22. Nd3 Ne8 23. b4 Bd6 24. bxc5 Bf8 25. Bxf8 Rxf8 26. Qg5 Nf6 27. f3 Rae8 28. Rfd1 Kg7 29. Nh4 Be6 30. Nb4 Qe7 31. Nd5 Qxc5 32. Rab1 b6 33. a4 Na5 34. Rb5 Qc8 35. Nxf6 Rxf6 36. Rxe5 h6 37. Qd2 g5 38. Nf5+ Bxf5 39. Rxe8 Qxe8 40. exf5 Nc6 41. Bd3 Ne5 42. Be4 g4 43. Qxd4 gxf3 44. Rf1 Qe7 45. Bxf3 Rxf5 46. Re1 Qf6 47. Bg2 Nf7 48. Qd7 a5 49. Bh3 Rf2 50. Kg1 Qb2 51. Rf1 Rxf1+ 52. Bxf1 Kf6 53. c5 bxc5 54. Qc6+ Kg7 55. Qxc5 Qd2 1/2-1/2

[Event "Anderssen Festival 2019"]
[Site "Wroclaw"]
[Date "2019.08.07"]
[Round "4.7"]
[White "Dubinski, Mateusz"]
[Black "Czyz, Andrzej"]
[Result "1-0"]
[WhiteElo "2306"]
[BlackElo "2000"]
[Annotator "NA"]
[PlyCount "79"]
[EventDate "2019.08.05"]
[EventType "swiss"]
[EventCountry "POL"]
[SourceTitle "playchess.com"]
[Source "ChessBase"]
[SourceQuality "1"]
[TimeControl "40/5400+30:900+30"]

1. d4 {[%emt 0:02:16]} Nf6 {[%emt 0:00:00]} 2. c4 {[%emt 0:00:52]} c5 {[%emt 0:00:04]} 3. Nf3 {[%emt 0:01:22]} cxd4 {[%emt 0:00:26]} 4. Nxd4 {[%emt 0:00:06]} Nc6 {[%emt 0:00:12]} 5. Nc3 {[%emt 0:00:58]} g6 {[%emt 0:00:42]} 6. g3 {[%emt 0:01:52]} Bg7 {[%emt 0:01:57]} 7. Bg2 {[%emt 0:00:07]} O-O {[%emt 0:00:32]} 8. O-O {[%emt 0:00:12]} Qb6 {[%emt 0:11:18]} 9. Nc2 {[%emt 0:01:54]} d6 {[%emt 0:02:28]} 10. Ne3 {[%emt 0:01:06]} Bd7 {[%emt 0:01:43]} 11. b3 {[%emt 0:08:41]} Rab8 {[%emt 0:14:00]} 12. Bb2 {[%emt 0:01:50]} Qd8 {[%emt 0:01:21]} 13. Qd2 {[%emt 0:03:00]} a6 {[%emt 0:01:23]} 14. Rac1 {[%emt 0:04:09]} Ne5 {[%emt 0:04:38]} 15. h3 {[%emt 0:03:05]} Bc6 {[%emt 0:00:45]} 16. Ncd5 {[%emt 0:02:21]} Nxd5 {[%emt 0:10:35]} 17. cxd5 {[%emt 0:00:23]} Bb5 {[%emt 0:01:13]} 18. f4 {[%emt 0:02:06]} Nd7 {[%emt 0:02:49]} 19. Bxg7 {[%emt 0:00:37]} Kxg7 {[%emt 0:00:03]} 20. a4 {[%emt 0:00:27]} Bxe2 {[%emt 0:00:36]} 21. Qxe2 {[%emt 0:00:26]} Kg8 {[%emt 0:00:11]} 22. b4 {[%emt 0:10:22]} a5 {[%emt 0:01:15]} 23. b5 {[%emt 0:00:56]} Nc5 {[%emt 0:00:07]} 24. Rc4 {[%emt 0:00:25]} Qb6 {[%emt 0:00:36]} 25. Kh2 {[%emt 0:00:46]} Rbc8 {[%emt 0:00:30]} 26. f5 {[%emt 0:02:11]} Nd7 {[%emt 0:01:33]} 27. Rxc8 {[%emt 0:00:29]} Rxc8 {[%emt 0:00:09]} 28. fxg6 {[%emt 0:01:23]} hxg6 {[%emt 0:00:02]} 29. Ng4 {[%emt 0:00:19]} Ne5 {[%emt 0:02:03]} 30. Nxe5 {[%emt 0:00:15]} dxe5 {[%emt 0:00:04]} 31. Qxe5 {[%emt 0:00:18]} Qd8 {[%emt 0:01:24]} 32. h4 {[%emt 0:02:57]} Rc4 {[%emt 0:03:19]} 33. Rf4 {[%emt 0:01:16]} Rc1 {[%emt 0:01:37]} 34. h5 {[%emt 0:01:04]} f6 {[%emt 0:00:20]} 35. Qe6+ {[%emt 0:00:10]} Kg7 {[%emt 0:00:02]} 36. hxg6 {[%emt 0:00:38]} Kxg6 {[%emt 0:00:52]} 37. Be4+ {[%emt 0:00:42]} Kh6 {[%emt 0:00:20]} 38. Rh4+ {[%emt 0:00:18]} Kg7 {[%emt 0:00:26]} 39. Rh7+ {[%emt 0:00:10]} Kf8 {[%emt 0:00:12]} 40. Qf7# {[%emt 0:00:00]} 1-0

[Event "Anderssen Festival 2019"]
[Site "Wroclaw"]
[Date "2019.08.07"]
[Round "4.8"]
[White "Luberanski, Jakub"]
[Black "Piotrowski, Przemyslaw"]
[Result "0-1"]
[WhiteElo "2010"]
[BlackElo "2273"]
[Annotator "NA"]
[PlyCount "88"]
[EventDate "2019.08.05"]
[EventType "swiss"]
[EventCountry "POL"]
[SourceTitle "playchess.com"]
[Source "ChessBase"]
[SourceQuality "1"]
[TimeControl "40/5400+30:900+30"]

1. d4 c5 2. d5 Nf6 3. c4 e6 4. Nc3 exd5 5. cxd5 d6 6. e4 g6 7. Nf3 Bg7 8. Be2 Bg4 9. O-O O-O 10. Qc2 Nbd7 11. h3 Bxf3 12. Bxf3 a6 13. a4 b6 14. Be3 Re8 15. Rab1 Rc8 16. b3 Qc7 17. Be2 Qb7 18. f4 Re7 19. g4 Ne8 20. Bf3 Bd4 21. Qd2 Bxe3+ 22. Qxe3 f6 23. Rbe1 b5 24. axb5 axb5 25. Bg2 b4 26. Ne2 Ng7 27. Ra1 Nb6 28. Qd3 Qc7 29. Ra6 Qb8 30. Rfa1 Rb7 31. Ng3 Nd7 32. h4 c4 33. bxc4 Nc5 34. Qb1 Nxa6 35. Rxa6 Rxc4 36. h5 b3 37. hxg6 hxg6 38. Rc6 Qa7+ 39. Kh2 Qa2 40. Qd3 b2 41. Rxc4 b1=Q 42. Rc8+ Kh7 43. Nh5 Qxg2+ 44. Kxg2 Rb2+ 0-1

[Event "Anderssen Festival 2019"]
[Site "Wroclaw"]
[Date "2019.08.07"]
[Round "4.9"]
[White "Szajda, Marcin"]
[Black "Snihur, Piotr"]
[Result "1/2-1/2"]
[WhiteElo "1955"]
[BlackElo "2256"]
[Annotator "NA"]
[PlyCount "82"]
[EventDate "2019.08.05"]
[EventType "swiss"]
[EventCountry "POL"]
[SourceTitle "playchess.com"]
[Source "ChessBase"]
[SourceQuality "1"]
[TimeControl "40/5400+30:900+30"]

1. e4 c6 2. d4 d5 3. Nc3 dxe4 4. Nxe4 Bf5 5. Ng3 Bg6 6. h4 h6 7. Nf3 Nd7 8. h5 Bh7 9. Bd3 Bxd3 10. Qxd3 e6 11. Bd2 Ngf6 12. O-O-O Be7 13. Kb1 O-O 14. Ne4 Nxe4 15. Qxe4 Nf6 16. Qe2 Qd5 17. Be3 a5 18. Ne5 a4 19. a3 b5 20. g4 Ne4 21. Rhe1 Nd6 22. c3 Nc4 23. Bc1 Rfd8 24. f4 Nxe5 25. dxe5 Qb3 26. g5 hxg5 27. fxg5 Bxa3 28. g6 Be7 29. gxf7+ Kxf7 30. h6 a3 31. Qh5+ Kg8 32. Qg6 Bf8 33. h7+ Kh8 34. Qf7 a2+ 35. Ka1 Ba3 36. Rxd8+ Rxd8 37. Rg1 Bxb2+ 38. Bxb2 Rd1+ 39. Rxd1 Qxd1+ 40. Kxa2 Qa4+ 41. Kb1 Qd1+ 1/2-1/2

[Event "Anderssen Festival 2019"]
[Site "Wroclaw"]
[Date "2019.08.07"]
[Round "4.10"]
[White "Skiba, Krzysztof"]
[Black "Mitchell, Martin"]
[Result "0-1"]
[WhiteElo "1722"]
[BlackElo "2218"]
[Annotator "NA"]
[PlyCount "74"]
[EventDate "2019.08.05"]
[EventType "swiss"]
[EventCountry "POL"]
[SourceTitle "playchess.com"]
[Source "ChessBase"]
[SourceQuality "1"]
[TimeControl "40/5400+30:900+30"]

1. d4 Nf6 2. e3 g6 3. Bd3 Bg7 4. f4 c5 5. c3 d6 6. Nf3 O-O 7. O-O cxd4 8. exd4 Nc6 9. Qc2 e5 10. dxe5 dxe5 11. fxe5 Ng4 12. Bf4 Ncxe5 13. Nxe5 Nxe5 14. Bxe5 Bxe5 15. Nd2 Be6 16. Nf3 Bg7 17. Be4 Qc7 18. Nd4 Bxd4+ 19. cxd4 Qxc2 20. Bxc2 Rfd8 21. Rfd1 Rac8 22. Be4 Rc4 23. Bxb7 Rcxd4 24. Rxd4 Rxd4 25. b3 Rd2 26. Bf3 Kf8 27. Kf1 Rb2 28. Ke1 Ke7 29. h3 a5 30. Bb7 Kf6 31. Kf1 Kg5 32. Kg1 a4 33. Bc6 a3 34. Kh2 Kf4 35. b4 Rxa2 36. Rf1+ Ke5 37. Rf3 Ra1 0-1

[Event "Anderssen Festival 2019"]
[Site "Wroclaw"]
[Date "2019.08.07"]
[Round "4.11"]
[White "Nowak, Mikolaj"]
[Black "Zerebiec, Maurycy"]
[Result "1-0"]
[WhiteElo "2230"]
[BlackElo "1708"]
[Annotator "NA"]
[PlyCount "73"]
[EventDate "2019.08.05"]
[EventType "swiss"]
[EventCountry "POL"]
[SourceTitle "playchess.com"]
[Source "ChessBase"]
[SourceQuality "1"]
[TimeControl "40/5400+30:900+30"]

1. c4 {[%emt 0:00:00]} c5 {[%emt 0:00:05]} 2. Nc3 {[%emt 0:00:03]} Nc6 {[%emt 0:00:07]} 3. Nf3 {[%emt 0:00:23]} e5 {[%emt 0:00:50]} 4. g3 {[%emt 0:01:08]} g6 {[%emt 0:00:07]} 5. Bg2 {[%emt 0:01:09]} Bg7 {[%emt 0:00:17]} 6. O-O {[%emt 0:00:36]} Nge7 {[%emt 0:00:23]} 7. d3 {[%emt 0:03:31]} Rb8 {[%emt 0:01:14]} 8. a3 {[%emt 0:17:41]} a6 {[%emt 0:00:33]} 9. Qc2 {[%emt 0:08:22]} d6 {[%emt 0:05:11]} 10. Nd5 {[%emt 0:03:32]} Nxd5 {[%emt 0:06:12]} 11. cxd5 {[%emt 0:00:02]} Ne7 {[%emt 0:00:43]} 12. e4 {[%emt 0:01:31]} O-O {[%emt 0:00:29]} 13. Rb1 {[%emt 0:02:26]} Bd7 {[%emt 0:03:37]} 14. Be3 {[%emt 0:02:39]} Qc8 {[%emt 0:03:58]} 15. Rfc1 {[%emt 0:01:57]} a5 {[%emt 0:06:47]} 16. b4 {[%emt 0:00:57]} axb4 {[%emt 0:00:23]} 17. axb4 {[%emt 0:00:02]} b6 {[%emt 0:00:12]} 18. bxc5 {[%emt 0:05:53]} bxc5 {[%emt 0:01:43]} 19. Rxb8 {[%emt 0:00:11]} Qxb8 {[%emt 0:00:13]} 20. Rb1 {[%emt 0:00:02]} Qa7 {[%emt 0:01:59]} 21. Qb3 {[%emt 0:04:41]} Ra8 {[%emt 0:00:47]} 22. Nd2 {[%emt 0:01:56]} Nc8 {[%emt 0:03:25]} 23. Nc4 {[%emt 0:04:12]} f6 {[%emt 0:07:03]} 24. h4 {[%emt 0:01:14]} Kf7 {[%emt 0:04:21]} 25. Kh2 {[%emt 0:03:26]} Bf8 {[%emt 0:10:33]} 26. f4 {[%emt 0:03:17]} Qa2 {[%emt 0:02:08]} 27. Qd1 {[%emt 0:01:16]} exf4 {[%emt 0:07:11]} 28. Bxf4 {[%emt 0:02:17]} h5 {[%emt 0:01:03]} 29. Rb2 {[%emt 0:02:51]} Qa1 {[%emt 0:02:54]} 30. Qd2 {[%emt 0:02:09]} Bg4 {[%emt 0:02:20]} 31. Qf2 {[%emt 0:02:51]} Kg8 {[%emt 0:01:09]} 32. Bd2 {[%emt 0:03:23]} Bg7 {[%emt 0:07:52]} 33. Bc3 {[%emt 0:01:08]} Qc1 {[%emt 0:00:29]} 34. Bxf6 {[%emt 0:02:36]} Bxf6 {[%emt 0:01:27]} 35. Qxf6 {[%emt 0:00:02]} Ra1 {[%emt 0:00:22]} 36. Qxg6+ {[%emt 0:01:10]} Kh8 {[%emt 0:00:30]} 37. Qe8+ {[%emt 0:00:59]} 1-0

[Event "Anderssen Festival 2019"]
[Site "Wroclaw"]
[Date "2019.08.07"]
[Round "4.12"]
[White "Wieczorek, Zbigniew"]
[Black "Socha, Kamil"]
[Result "1/2-1/2"]
[WhiteElo "2235"]
[BlackElo "1741"]
[Annotator "NA"]
[PlyCount "43"]
[EventDate "2019.08.05"]
[EventType "swiss"]
[EventCountry "POL"]
[SourceTitle "playchess.com"]
[Source "ChessBase"]
[SourceQuality "1"]
[TimeControl "40/5400+30:900+30"]

1. Nf3 {[%emt 0:00:00]} Nf6 {[%emt 0:00:00]} 2. g3 {[%emt 0:00:00]} e6 {[%emt 0:00:37]} 3. Bg2 {[%emt 0:00:00]} Be7 {[%emt 0:00:25]} 4. d3 {[%emt 0:00:06]} d5 {[%emt 0:00:24]} 5. Nbd2 {[%emt 0:00:07]} O-O {[%emt 0:00:33]} 6. e4 {[%emt 0:00:09]} c5 {[%emt 0:00:15]} 7. O-O {[%emt 0:00:06]} Qc7 {[%emt 0:00:20]} 8. e5 {[%emt 0:01:05]} Nfd7 {[%emt 0:00:09]} 9. Re1 {[%emt 0:00:07]} Nc6 {[%emt 0:00:09]} 10. Qe2 {[%emt 0:00:09]} b5 {[%emt 0:01:27]} 11. Nf1 {[%emt 0:00:07]} a5 {[%emt 0:01:21]} 12. Bf4 {[%emt 0:00:18]} a4 {[%emt 0:02:00]} 13. a3 {[%emt 0:00:25]} b4 {[%emt 0:00:54]} 14. h4 {[%emt 0:00:28]} Ba6 {[%emt 0:00:58]} 15. Ne3 {[%emt 0:05:47]} Nb6 {[%emt 0:15:10]} 16. h5 {[%emt 0:07:47]} c4 {[%emt 0:09:00]} 17. h6 {[%emt 0:05:44]} g6 {[%emt 0:00:55]} 18. Qd2 {[%emt 0:02:58]} cxd3 {[%emt 0:15:58]} 19. cxd3 {[%emt 0:00:13]} Rfc8 {[%emt 0:16:08]} 20. Ng4 {[%emt 0:12:18]} b3 {[%emt 0:01:28]} 21. Bg5 {[%emt 0:04:58]} Nd7 {[%emt 0:02:15]} 22. Rac1 1/2-1/2